Biarpun sebesar Gunung Ledang (Record no. 134302)

MARC details
000 -LEADER
fixed length control field 00756nam a2200265 i 4500
001 - CONTROL NUMBER
control field C2-0336558
003 - CONTROL NUMBER IDENTIFIER
control field PPAK
005 - DATE AND TIME OF LATEST TRANSACTION
control field 20180728135445.0
008 - FIXED-LENGTH DATA ELEMENTS--GENERAL INFORMATION
fixed length control field 160626s2016 my |||| ||||| | may d
020 ## - INTERNATIONAL STANDARD BOOK NUMBER
International Standard Book Number 9789670628455
040 ## - CATALOGING SOURCE
Original cataloging agency PPAK
Language of cataloging eng
Transcribing agency PPAK
Description conventions rda
082 04 - DEWEY DECIMAL CLASSIFICATION NUMBER
Classification number 899.233
Edition number 23
090 00 - LOCALLY ASSIGNED LC-TYPE CALL NUMBER (OCLC); LOCAL CALL NUMBER (RLIN)
Classification number (OCLC) (R) ; Classification number, CALL (RLIN) (NR) 899.233
Feature heading ABD
Feature heading K
100 0# - MAIN ENTRY--PERSONAL NAME
Personal name Abdul Raup Rahman,
Relator term author
245 10 - TITLE STATEMENT
Title Biarpun sebesar Gunung Ledang
264 #1 - PRODUCTION, PUBLICATION, DISTRIBUTION, MANUFACTURE, AND COPYRIGHT NOTICE
Place of production, publication, distribution, manufacture Kuala Terangganu, Terengganu :
Name of producer, publisher, distributor, manufacturer Penerbitan Latar Ilmu ,
Date of production, publication, distribution, manufacture, or copyright notice 2016
300 ## - PHYSICAL DESCRIPTION
Extent 130 pages ;
Dimensions 19 cm
336 ## - CONTENT TYPE
Source rdacontent
Content type term text
337 ## - MEDIA TYPE
Source rdamedia
Media type term unmediated
338 ## - CARRIER TYPE
Source rdacarrier
Carrier type term volume
490 1# - SERIES STATEMENT
Series statement Siri bacaan gemilang
650 10 - SUBJECT ADDED ENTRY--TOPICAL TERM
Topical term or geographic name entry element Children's stories, Malay.
830 #0 - SERIES ADDED ENTRY--UNIFORM TITLE
Uniform title Siri bacaan gemilang
942 ## - ADDED ENTRY ELEMENTS (KOHA)
-- dc
Koha item type Book
Holdings
Withdrawn Not for loan Current library Shelving location Date acquired Total Checkouts Full call number Barcode Date last seen Koha item type Date last checked out Total Renewals
    Perpustakaan Alor Setar Pinjaman Kanak-kanak 13/07/2016   K 899.233 ABD A01475629 09/05/2018 Book    
    Perpustakaan Awam Sungai Petani Pinjaman Kanak-kanak 13/07/2016 2 K 899.233 ABD A01475630 05/09/2021 Book 21/04/2021  
    Perpustakaan Baling Pinjaman Kanak-kanak 13/07/2016 2 K 899.233 ABD A01475633 28/05/2025 Book 10/05/2025 1
    Perpustakaan Jitra Pinjaman Kanak-kanak 13/07/2016   K 899.233 ABD A01475631 09/05/2018 Book    
    Perpustakaan Kulim Pinjaman Kanak-kanak 13/07/2016 1 K 899.233 ABD A01475632 27/04/2019 Book 06/04/2019  
    PD01, Kg. Bendang Raja, Kuala Nerang Pinjaman Kanak-kanak 26/09/2016   K 899.233 ABD A01479194 09/05/2018 Book    
    PD02, Kg. Banggol Besi, Pendang Pinjaman Kanak-kanak 26/09/2016   K 899.233 ABD A01479191 09/05/2018 Book    
    PD03, Kg. Pulau Pisang, Jitra Pinjaman Kanak-kanak 26/09/2016   K 899.233 ABD A01479196 09/05/2018 Book    
    PD12, Kg. Padang, Baling Pinjaman Kanak-kanak 26/09/2016   K 899.233 ABD A01479188 09/05/2018 Book    
    PD15, Kg. Naga, Kepala Batas Pinjaman Kanak-kanak 26/09/2016   K 899.233 ABD A01479201 09/05/2018 Book    
    PD16, Kg. Jelai, Pendang Pinjaman Kanak-kanak 26/09/2016   K 899.233 ABD A01479197 09/05/2018 Book    
    PD17, Kg. Binjul, Kuala Ketil Pinjaman Kanak-kanak 26/09/2016   K 899.233 ABD A01479189 09/05/2018 Book    
    PD18, Kg. Wang Tepus, Jitra Pinjaman Kanak-kanak 26/09/2016   K 899.233 ABD A01479193 09/05/2018 Book    
    PD19, KEDA Bendang Perang, Kota Setar Pinjaman Kanak-kanak 26/09/2016   K 899.233 ABD A01479198 09/05/2018 Book    
    PD20, Felda Lubuk Merbau, Pendang Pinjaman Kanak-kanak 26/09/2016   K 899.233 ABD A01479192 09/05/2018 Book    
    PD24, Felda Bukit Tangga, Bukit Kayu Hitam Pinjaman Kanak-kanak 26/09/2016   K 899.233 ABD A01479200 09/05/2018 Book    
    PD27, Kg. Bendang Bukit, Pendang Pinjaman Kanak-kanak 26/09/2016   K 899.233 ABD A01479195 09/05/2018 Book    
    PD31, Kg. Gelam, Bedong Pinjaman Kanak-kanak 26/09/2016   K 899.233 ABD A01479199 09/05/2018 Book    
    PD34, Kg. Pantai Prai Pinjaman Kanak-kanak 26/09/2016   K 899.233 ABD A01479190 09/05/2018 Book    
    PD35, Kg. Sungai Daun, Yan Pinjaman Kanak-kanak 26/09/2016   K 899.233 ABD A01479202 09/05/2018 Book